000 01003nam a2200229Ia 4500
001 1569
005 20260420154325.0
008 260306t2014||||xx |||||||||||||| ||spa||
041 _aESP
082 _a152
_bC28 2014
100 _aCarlson, Neil R.
_eAUT
245 0 _aFisiología de la conducta
260 _c2014
300 _axx, 780 páginas :
_c27 cm.
650 _aGEN
654 _aCHU
856 _uhttps://itmsp.museknowledge.com/UCSP?url=https://www.ebooks7-24.com:443/?il=9958&pg=1
_zVersión digital (2018)
856 _uhttps://0u213x8eh-y-https-ebooks7--24-com.itmsp.museknowledge.com/biblioteca.aspx
_zVéase además: Base de datos Ebook7-24
856 _uhttps://0u20fx8ej-y-https-research-ebsco-com.itmsp.museknowledge.com/c/qxo6us/search
_zVéase además: Base de datos EBSCOhost
856 _uhttps://0u20vx80g-y-https-ebookcentral-proquest-com.itmsp.museknowledge.com/lib/catolicasp/home.action
_zVéase además: Base de datos ProQuest Ebook Central
942 _cLIB
_dJUS
_fJUS
_2ddc
999 _c1569
_d1569